Nghiên cứu qui trình xử lý nước thải thạch dừa bằng phương pháp sinh học : Luận văn tốt nghiệp Đại học ngành Kỹ thuật môi trường
Nghiên cứu qui trình xử lý nước thải thạch dừa bằng phương pháp sinh học theo mô hình bề USBF
Guardat en:
| Autor principal: | |
|---|---|
| Format: | Llibre |
| Idioma: | Undetermined |
| Publicat: |
Cần Thơ
Trường Đại học Cần Thơ
2012
|
| Matèries: | |
| Etiquetes: |
Afegir etiqueta
Sense etiquetes, Sigues el primer a etiquetar aquest registre!
|
| Thư viện lưu trữ: | Trung tâm Học liệu Trường Đại học Cần Thơ |
|---|
| LEADER | 01016nam a2200217Ia 4500 | ||
|---|---|---|---|
| 001 | CTU_178615 | ||
| 008 | 210402s9999 xx 000 0 und d | ||
| 082 | |a 628.4 | ||
| 082 | |b L566 | ||
| 088 | |a 1080798 | ||
| 100 | |a Bùi, Phong Lưu | ||
| 245 | 0 | |a Nghiên cứu qui trình xử lý nước thải thạch dừa bằng phương pháp sinh học : | |
| 245 | 0 | |b Luận văn tốt nghiệp Đại học ngành Kỹ thuật môi trường | |
| 245 | 0 | |c Bùi Phong Lưu; Lê Hoàng Việt (Giáo viên hướng dẫn) | |
| 260 | |a Cần Thơ | ||
| 260 | |b Trường Đại học Cần Thơ | ||
| 260 | |c 2012 | ||
| 520 | |a Nghiên cứu qui trình xử lý nước thải thạch dừa bằng phương pháp sinh học theo mô hình bề USBF | ||
| 650 | |a Environmental sciences,Liquid wastes,Khoa học môi trường,Chất thải nước | ||
| 910 | |a Nguyên | ||
| 980 | |a Trung tâm Học liệu Trường Đại học Cần Thơ | ||